| 000 | 00855nam a22002297a 4500 | ||
|---|---|---|---|
| 999 |
_c18308 _d18308 |
||
| 003 | AR-CdUCM | ||
| 008 | 190315b ||||| |||| 00| 0 spa d | ||
| 040 |
_aMUNICIPALIDAD PROVINCIAL DEL CUSCO _cBIBLIOTECA MUNICIPAL DEL CUSCO |
||
| 082 |
_a158.1 / _bH79 |
||
| 100 |
_aHovasse, Colette _938822 |
||
| 245 | _aDificultad de vivir / | ||
| 260 |
_aMadrid : _bCatólica, _c1969. |
||
| 300 |
_a309 páginas ; _c20 cm. |
||
| 500 | _aLibro empastado | ||
| 505 | _aContenido: El nacimiento -- El niño durante el primer año -- El destete y la actitud del niño hacia la alimentación -- Las necesidades de autonomía y el aprendizaje de higiene personal ... | ||
| 650 |
_aPsicología _91538 |
||
| 650 |
_aPsicología del niño _95112 |
||
| 650 |
_aLactancia _938823 |
||
| 650 |
_aAdopción _938824 |
||
| 650 |
_aServicio social _910207 |
||
| 942 |
_2ddc _cLIBROS |
||